Welcome to University of Cape Coast Library, Online Public Access Catalogue (OPAC)

A new guide to better writing / (Record no. 43533)

MARC details
000 -LEADER
fixed length control field 01062cam a2200277Ma 4500
001 - CONTROL NUMBER
control field on1264930398
003 - CONTROL NUMBER IDENTIFIER
control field OCoLC
005 - DATE AND TIME OF LATEST TRANSACTION
control field 20230406134133.0
008 - FIXED-LENGTH DATA ELEMENTS--GENERAL INFORMATION
fixed length control field 780110t19631949onc 001 0 eng d
035 ## - SYSTEM CONTROL NUMBER
System control number (OCoLC)1264930398
040 ## - CATALOGING SOURCE
Original cataloging agency CN6UV
Language of cataloging eng
Transcribing agency CN6UV
Modifying agency OCLCF
050 #4 - LIBRARY OF CONGRESS CALL NUMBER
Classification number PE1408 .F611
Item number F63
100 1# - MAIN ENTRY--PERSONAL NAME
Personal name Flesch, Rudolf,
Dates associated with a name 1911-1986.
9 (RLIN) 17830
245 10 - TITLE STATEMENT
Title A new guide to better writing /
Statement of responsibility, etc. by Rudolf Flesch and A. H. Lass.
260 ## - PUBLICATION, DISTRIBUTION, ETC.
Place of publication, distribution, etc. Toronto :
Name of publisher, distributor, etc. Popular Library,
Date of publication, distribution, etc. 1963, c1949.
300 ## - PHYSICAL DESCRIPTION
Extent 302 p. ;
Dimensions 18 cm.
500 ## - GENERAL NOTE
General note Previous editions have title: The way to write.
650 #0 - SUBJECT ADDED ENTRY--TOPICAL TERM
Topical term or geographic name entry element English language
General subdivision Grammar.
9 (RLIN) 166
650 #0 - SUBJECT ADDED ENTRY--TOPICAL TERM
Topical term or geographic name entry element English language
General subdivision Composition and exercises.
9 (RLIN) 1108
650 #7 - SUBJECT ADDED ENTRY--TOPICAL TERM
Topical term or geographic name entry element English language
General subdivision Composition and exercises.
Source of heading or term fast
Authority record control number or standard number (OCoLC)fst00911010
9 (RLIN) 1108
650 #7 - SUBJECT ADDED ENTRY--TOPICAL TERM
Topical term or geographic name entry element English language
General subdivision Grammar.
Source of heading or term fast
Authority record control number or standard number (OCoLC)fst00911209
9 (RLIN) 166
700 1# - ADDED ENTRY--PERSONAL NAME
Personal name Lass, Abraham H.
Fuller form of name (Abraham Harold),
Dates associated with a name 1907-2001.
9 (RLIN) 17831
730 0# - ADDED ENTRY--UNIFORM TITLE
Uniform title Way to write.
Miscellaneous information Former title.
9 (RLIN) 17832
942 ## - ADDED ENTRY ELEMENTS (KOHA)
Source of classification or shelving scheme Library of Congress Classification
Koha item type Books
948 ## - LOCAL PROCESSING INFORMATION (OCLC); SERIES PART DESIGNATOR (RLIN)
h (OCLC) NO HOLDINGS IN GHUCC - 1 OTHER HOLDINGS

No items available.

Koha©2022 UCC.All Right Reserved.Site Developed by Sam Jonah Library IT Team
<Home | Contact | Library publications |Research Tools | Research Guides |https://ucclivechat.library-gh.net/index.php/chat

If you have questions or concern please contact the Library.



PMB, University of Cape Coast

KOHA HOME